000
00342 a2200157 4500
001
59769
020
_a
9783570132852
040
_c
Anchieta - Pituba
100
_a
Caveney, Philip
240
1
0
_a
Sebastian dark
_l
por
245
1
0
_a
Sebastian dark
300
_a
350
362
0
_a
2007
650
4
_a
Literatura juvenil em alemão
942
_c
BK
999
_c
59769
_d
59769